| 000 | 00738nam a22002177a 4500 | ||
|---|---|---|---|
| 999 |
_c7906 _d7906 |
||
| 001 | 7906 | ||
| 003 | BD-JhCC | ||
| 005 | 20180215112500.0 | ||
| 008 | 171016s1968 bg |||| ||a| 000 0 ben d | ||
| 035 | _a(BD-JhCC)7906 | ||
| 040 |
_aBD-JhCC _dBD-JhCC |
||
| 041 | _aben | ||
| 082 |
_bBRU 1668 _a810.9 |
||
| 100 | _aব্রকস, ভ্যান উইক | ||
| 245 |
_aআমেরিকার সমাজ ও সাহিত্য / _cভ্যান উইক ব্রকস, কবীর চৌধুরী (অনুবাদ) |
||
| 260 |
_aঢাকা : _bমাওলা ব্রাদার্স, _c1968. |
||
| 300 |
_a189 p. : _c23 cm. |
||
| 650 | _aAmerican Literature | ||
| 942 |
_2ddc _cBK |
||